000 00476nam a2200181Ia 4500
003 LK-CoDNM
005 20240119144944.0
008 010623t1924 xxu||||| |||| 00| 1 sin d
040 _aLK-CoDNM
_dLK-CoDNM
_eLK-CoDNM
041 _asin
080 _a104
_bJ 20
100 _aDeeralankara Thero,Welitara
245 _aකව් මුතු භරණ
246 _aKav Mutu Barana
260 _bSaddhamma Prakasa
_aAlutgama
_c1924
300 _bviii,24p, 21 cm
942 _cBK
999 _c92319
_d92319